[Event "Niksic"]
[Site "Niksic YUG"]
[Date "1983.09.04"]
[EventDate "1983.08.24"]
[Round "9"]
[Result "0-1"]
[White "Miles, Anthony John"]
[Black "Andersson, Ulf"]
[WhiteElo "2595"]
[BlackElo "2640"]
[PlyCount "118"]

1.d4 Nf6 2.c4 e6 3.Nf3 Bb4+ 4.Nbd2 b6 5.e3 Bb7 6.Bd3 c5 7.a3
Bxd2+ 8.Bxd2 d6 9.dxc5 bxc5 10.O-O a5 11.b3 Nbd7 12.Qc2 Qc7
13.Bc3 Bxf3 14.gxf3 Ne5 15.Bxe5 dxe5 16.b4 Ke7 17.bxc5 Rab8
18.Rfb1 Qxc5 19.Be2 Rhc8 20.Kf1 g5 21.Qa4 e4 22.Kg2 exf3
23.Bxf3 g4 24.Be2 Ne4 25.Rb5 Rxb5 26.Qxb5 f5 27.Bd3 Nd6 28.Qb2
Nf7 29.Rb1 Ne5 30.Be2 h5 31.h3 Kf7 32.hxg4 hxg4 33.Qb5 Ke7
34.Rh1 Qxb5 35.cxb5 Rc2 36.Rh7+ Kd6 37.Bf1 Nd7 38.Rh8 Rc3
39.Ra8 Rxa3 40.Ra6+ Kd5 41.Ra8 Nb6 42.Rd8+ Kc5 43.Re8 Kd6
44.Rd8+ Kc7 45.Re8 Kd6 46.Rd8+ Kc7 47.Re8 Rc3 48.Rxe6 a4
49.Re7+ Kb8 50.Re6 Kc7 51.Re7+ Kb8 52.Re6 Kb7 53.Re7+ Rc7
54.Rxc7+ Kxc7 55.Bd3 a3 56.Bb1 Nd5 57.Ba2 Nc3 58.Be6 Nxb5
59.e4 f4 0-1

[Event "Niksic"]
[Site "Niksic YUG"]
[Date "1983.09.04"]
[EventDate "1983.08.24"]
[Round "9"]
[Result "1/2-1/2"]
[White "Spassky, Boris"]
[Black "Gligoric, Svetozar"]
[WhiteElo "2605"]
[BlackElo "2505"]
[PlyCount "30"]

1. d4 Nf6 2. Nf3 g6 3. c4 Bg7 4. Nc3 d5 5. e3 O-O 6. cxd5 Nxd5
7. Bc4 Nb6 8. Be2 c5 9. O-O cxd4 10. Nxd4 Bd7 11. a4 a5
12. Ndb5 Nc6 13. e4 Be6 14. Bf4 Qxd1 15. Rfxd1 Bb3 1/2-1/2

[Event "Niksic"]
[Site "Niksic YUG"]
[Date "1983.09.04"]
[EventDate "1983.08.24"]
[Round "9"]
[Result "1/2-1/2"]
[White "Tal, Mikhail"]
[Black "Timman, Jan"]
[WhiteElo "2620"]
[BlackElo "2605"]
[PlyCount "57"]

1.e4 e5 2.Nf3 Nc6 3.Bb5 a6 4.Ba4 Nf6 5.O-O Be7 6.Re1 b5 7.Bb3
d6 8.c3 O-O 9.h3 Nb8 10.d3 Nbd7 11.Nbd2 Bb7 12.Nf1 Nc5 13.Bc2
Re8 14.Ng3 Bf8 15.b4 Ncd7 16.d4 a5 17.Bd2 axb4 18.cxb4 exd4
19.Nxd4 d5 20.exd5 Rxe1+ 21.Bxe1 Bxd5 22.a3 Qb8 23.Ngf5 c5
24.bxc5 Bxc5 25.Bb4 Qb6 26.Qd2 Bxb4 27.Qxb4 Bc4 28.Rd1 Qc5
29.Qxc5 1/2-1/2

[Event "Niksic"]
[Site "Niksic YUG"]
[Date "1983.09.05"]
[EventDate "1983.08.24"]
[Round "10"]
[Result "1/2-1/2"]
[White "Portisch, Lajos"]
[Black "Ljubojevic, Ljubomir"]
[WhiteElo "2600"]
[BlackElo "2645"]
[PlyCount "42"]

1.d4 Nf6 2.c4 e6 3.Nf3 b6 4.Nc3 Bb7 5.a3 d5 6.cxd5 exd5 7.g3
c5 8.Bg2 Be7 9.dxc5 bxc5 10.Qb3 Qb6 11.Qxb6 axb6 12.Ne5 O-O
13.O-O Rd8 14.Rd1 Nc6 15.Nxc6 Bxc6 16.Bg5 Rac8 17.Bxf6 Bxf6
18.Nxd5 Bxd5 19.Rxd5 Bxb2 20.Rb1 Bxa3 21.Rxb6 Kf8 1/2-1/2

[Event "Niksic"]
[Site "Niksic YUG"]
[Date "1983.09.05"]
[EventDate "1983.08.24"]
[Round "10"]
[Result "1/2-1/2"]
[White "Petrosian, Tigran"]
[Black "Larsen, Bent"]
[WhiteElo "2580"]
[BlackElo "2565"]
[PlyCount "90"]

1. d4 Nf6 2. c4 e6 3. Nf3 b6 4. Nc3 Bb4 5. Qc2 Bb7 6. a3 Bxc3+
7. Qxc3 d6 8. e3 Nbd7 9. Be2 Ne4 10. Qc2 Ng5 11. Qd1 O-O
12. O-O Nxf3+ 13. Bxf3 Bxf3 14. Qxf3 e5 15. Bd2 Re8 16. Qc6 e4
17. a4 Nf6 18. a5 d5 19. b3 h6 20. Rfc1 Re6 21. Qa4 Rb8
22. axb6 axb6 23. Ra2 g5 24. c5 Kg7 25. cxb6 Rexb6 26. Rac2
Ne8 27. Rb2 Rb5 28. Ba5 R8b7 29. b4 Nd6 30. Rbc2 Nc4 31. h3 h5
32. Rxc4 dxc4 33. Rxc4 Qe7 34. Qc2 g4 35. hxg4 hxg4 36. Rc6
Rf5 37. Bxc7 Qxb4 38. Qxe4 Qb1+ 39. Qxb1 Rxb1+ 40. Kh2 Rxf2
41. Kg3 Rbb2 42. Kxg4 Rxg2+ 43. Kf5 Rgf2+ 44. Bf4 Rb5+ 45. Rc5
Rxc5+ 1/2-1/2

[Event "Niksic"]
[Site "Niksic YUG"]
[Date "1983.09.05"]
[EventDate "1983.08.24"]
[Round "10"]
[Result "0-1"]
[White "Sax, Gyula"]
[Black "Ivanovic, Bozidar"]
[WhiteElo "2570"]
[BlackElo "2515"]
[PlyCount "114"]

1.e4 c5 2.Nf3 Nc6 3.d4 cxd4 4.Nxd4 Nf6 5.Nc3 d6 6.Bg5 e6 7.Qd2
Be7 8.O-O-O O-O 9.f4 Nxd4 10.Qxd4 Qa5 11.Bc4 Bd7 12.e5 dxe5
13.fxe5 Bc6 14.Bd2 Nd7 15. Nd5 Qd8 16.Nxe7+ Qxe7 17.h4 Rfc8
18.Bg5 Qc5 19.Qxc5 Nxc5 20.Rhg1 Be4 21. Rd4 Bg6 22.g4 h6
23.Be7 Nd7 24.Re1 Nb8 25.Bb3 a5 26.Bd6 b5 27.a4 Nc6 28. Rf4
Nb4 29.Kd2 bxa4 30.Bxa4 Nd5 31.Rd4 Nb6 32.Rc1 Nc4+ 33.Ke2 Nxb2
34.Bd7 Rc3 35.h5 Bh7 36.Kd2 Rh3 37.c4 Nd3 38.Ra1 Rh2+ 39.Ke3
Rh3+ 40.Kd2 Rd8 41. Bc6 Rh2+ 42.Kc3 Nb4 43.Bb7 Rh3+ 44.Kb2 Nc2
45.Rdd1 Nxa1 46.Rxa1 f6 47.Rxa5 fxe5 48.c5 e4 49.Ra8 Rxa8
50.Bxa8 e3 51.c6 Bd3 52.Bb4 e2 53.Be1 Kf7 54.Bb7 Be4 55.Ba8
Bxc6 56.Bxc6 Rd3 57.Be4 Rd1 0-1

[Event "Niksic"]
[Site "Niksic YUG"]
[Date "1983.09.07"]
[EventDate "1983.08.24"]
[Round "11"]
[Result "1/2-1/2"]
[White "Spassky, Boris"]
[Black "Petrosian, Tigran"]
[WhiteElo "2605"]
[BlackElo "2580"]
[PlyCount "27"]

1. e4 e6 2. d4 d5 3. Nc3 Nf6 4. Bg5 dxe4 5. Nxe4 Nbd7 6. Nf3
Be7 7. Nxf6+ Bxf6 8. Bxf6 Qxf6 9. Bd3 O-O 10. O-O e5 11. dxe5
Nxe5 12. Nxe5 Qxe5 13. c3 Be6 14. Re1 1/2-1/2

[Event "Niksic"]
[Site "Niksic YUG"]
[Date "1983.09.07"]
[EventDate "1983.08.24"]
[Round "11"]
[Result "1/2-1/2"]
[White "Tal, Mikhail"]
[Black "Gligoric, Svetozar"]
[WhiteElo "2620"]
[BlackElo "2505"]
[PlyCount "37"]

1.d4 Nf6 2.c4 e6 3.Nf3 b6 4.a3 Bb7 5.Nc3 d5 6.cxd5 exd5 7.Bf4
Bd6 8.g3 O-O 9.Bg2 c5 10.O-O Bxf4 11.gxf4 Na6 12.Rc1 Qe7 13.e3
Rfd8 14.Qe2 Nc7 15.Rfd1 Ne6 16.f5 Nc7 17.Ne5 Nce8 18.Qf3 Rac8
19.Qf4 1/2-1/2

[Event "Niksic"]
[Site "Niksic YUG"]
[Date "1983.09.08"]
[EventDate "1983.08.24"]
[Round "12"]
[Result "1/2-1/2"]
[White "Kasparov, Garry"]
[Black "Andersson, Ulf"]
[WhiteElo "2690"]
[BlackElo "2640"]
[PlyCount "66"]

1.d4 Nf6 2.Nf3 e6 3.g3 d5 4.Bg2 c5 5.O-O Nc6 6.c4 dxc4 7.Qa4
cxd4 8.Nxd4 Qxd4 9.Bxc6+ Bd7 10.Rd1 Qxd1+ 11.Qxd1 Bxc6 12.Nd2
b5 13.a4 Be7 14.axb5 Bxb5 15.Nxc4 O-O 16.b3 Rfd8 17.Qc2 Rdc8
18.Ba3 Bxa3 19.Rxa3 h6 20.Qc3 Bxc4 21.bxc4 Rc7 22.Qd4 Rac8
23.Ra4 Rd7 24.Qa1 Rdc7 25.Qa2 Ne4 26.Rxa7 Rxc4 27.Qb2 Nf6
28.Qb7 Rf8 29.f3 Rd4 30.Qe7 Rdd8 31.Kf2 Ra8 32.e4 Rxa7 33.Qxa7
e5 1/2-1/2

[Event "Niksic"]
[Site "Niksic YUG"]
[Date "1983.09.08"]
[EventDate "1983.08.24"]
[Round "12"]
[Result "1-0"]
[White "Ljubojevic, Ljubomir"]
[Black "Ivanovic, Bozidar"]
[WhiteElo "2645"]
[BlackElo "2515"]
[PlyCount "74"]

1.e4 c5 2.Nf3 Nc6 3.d4 cxd4 4.Nxd4 e5 5.Nb5 a6 6.Nd6+ Bxd6
7.Qxd6 Qf6 8.Qd2 Qg6 9.f3 Nge7 10.c4 d6 11.Nc3 f5 12.b3 O-O
13.Bb2 Be6 14.Bd3 Rad8 15.O-O f4 16.Nd5 Qh5 17.Rfd1 Ng6 18.Bf1
Nh4 19.Qf2 g5 20.h3 Rd7 21.Rd3 Rg7 22.Rad1 Qf7 23.Nb6 h5
24.Rxd6 Ng6 25.c5 Kh7 26.Bc4 Bxc4 27.Nxc4 g4 28.hxg4 hxg4
29.fxg4 f3 30.Ne3 Qf4 31.Nf5 Qxg4 32.Qxf3 Nf4 33.Rd7 Ne2+
34.Kf2 Rxf5 35.Qxf5+ Qxf5+ 36.exf5 Nf4 37.R1d6 e4 1-0

[Event "Niksic"]
[Site "Niksic YUG"]
[Date "1983.09.08"]
[EventDate "1983.08.24"]
[Round "12"]
[Result "1/2-1/2"]
[White "Gligoric, Svetozar"]
[Black "Miles, Anthony John"]
[WhiteElo "2505"]
[BlackElo "2595"]
[PlyCount "115"]

1.d4 Nf6 2.c4 e6 3.Nc3 Bb4 4.e3 c5 5.Ne2 cxd4 6.exd4 O-O 7.a3
Be7 8.d5 exd5 9.cxd5 Re8 10.h3 Bc5 11.b4 Bf8 12.g4 a5 13.Rb1
axb4 14.axb4 Qb6 15.Bg2 Na6 16.O-O Nxb4 17.Ng3 h6 18.Nf5 Qc5
19.Qb3 Nd3 20.Na4 Rxa4 21.Qxa4 Nxd5 22.Rb5 Nc3 23.Rxc5 Nxa4
24.Ra5 Nc3 25.Ba3 Nb4 26.Ra8 d5 27.Bf3 Bd7 28.Rxe8 Bxe8 29.Re1
Bc6 30.Re3 Ne4 31.Nd4 Nf6 32.Rb3 Na6 33.Bxf8 Kxf8 34.Nxc6 bxc6
35.Rb6 Nc7 36.Rxc6 Ne6 37.Ra6 g5 38.Kh2 Kg7 39.Rd6 Nf4 40.Rd8
Ne6 41.Ra8 Kg6 42.Ra6 d4 43.Be2 Nd5 44.Bc4 Ndf4 45.Kg3 h5
46.h4 hxg4 47.Kxg4 gxh4 48.Kxh4 Kf5 49.Ra3 Ng6+ 50.Kg3 Ngf4
51.f3 Nh5+ 52.Kf2 Nhf4 53.Ra5+ Kg6 54.Kg3 f5 55.Bb3 Kg5 56.Re5
Kf6 57.Rb5 Kg5 58.Ra5 1/2-1/2

[Event "Niksic"]
[Site "Niksic YUG"]
[Date "1983.09.08"]
[EventDate "1983.08.24"]
[Round "12"]
[Result "1/2-1/2"]
[White "Portisch, Lajos"]
[Black "Larsen, Bent"]
[WhiteElo "2600"]
[BlackElo "2565"]
[PlyCount "107"]

1.c4 Nf6 2.Nc3 e6 3.Nf3 c5 4.e3 Be7 5.d4 cxd4 6.exd4 O-O 7.Bd3
d5 8.cxd5 exd5 9.h3 Nc6 10.O-O Be6 11.Bf4 Rc8 12.Re1 Qb6
13.Na4 Qd8 14.Nc5 Nxd4 15.Nxd4 Bxc5 16.Nxe6 fxe6 17.Rxe6 Qd7
18.Bf5 Ne4 19.Rf6 Bxf2+ 20.Kh2 Qxf5 21.Rxf5 Rxf5 22.Rc1 Rcf8
23.Bc7 Be3 24.Rc2 d4 25.Qd3 Re8 26.g4 Rff8 27.Kg2 b6 28.b4 Kh8
29.Bg3 Nc3 30.Bd6 Rg8 31.Bg3 h6 32.h4 Rgf8 33.g5 Nd5 34.a3
hxg5 35.hxg5 Bxg5 36.Kh1 Kg8 37.Rh2 Ne3 38.Qb3+ Rf7 39.Rh8+
Kxh8 40.Qxf7 Rc8 41.Qh5+ Bh6 42.Bf4 Rc1+ 43.Kh2 Rc2+ 44.Kg3
Rc3 45.Kf2 Rxa3 46.Bxh6 gxh6 47.Qxh6+ Kg8 48.Qe6+ Kg7 49.b5
Ra4 50.Kf3 Rc4 51.Qd7+ Kg6 52.Qxa7 Nd5 53.Qd7 Rc5 54.Qe6+
1/2-1/2

[Event "Niksic"]
[Site "Niksic YUG"]
[Date "1983.09.09"]
[EventDate "1983.08.24"]
[Round "13"]
[Result "0-1"]
[White "Andersson, Ulf"]
[Black "Gligoric, Svetozar"]
[WhiteElo "2640"]
[BlackElo "2505"]
[PlyCount "96"]

1.Nf3 d5 2.d4 Nf6 3.c4 c6 4.cxd5 cxd5 5.Nc3 Nc6 6.Bf4 Bf5 7.e3
e6 8.Ne5 Nd7 9.Nxc6 bxc6 10.Rc1 Be7 11.Be2 O-O 12.O-O c5
13.Nb5 a6 14.Nd6 Bg6 15.dxc5 Nxc5 16.Rxc5 Bxd6 17.Bxd6 Qxd6
18.Qd4 Rfd8 19.Rfc1 e5 20.Qd2 d4 21.Rc6 Qe7 22.Rxa6 Rab8
23.exd4 exd4 24.Ra3 Qb4 25.Rd1 d3 26.Qxb4 Rxb4 27.f3 Kf8
28.Rdxd3 Bxd3 29.Bxd3 Rxb2 30.h4 h5 31.Kh2 g6 32.Kh3 Rd4
33.Be4 Rdd2 34.g4 Kg7 35.Kg3 Rh2 36.Ra7 Rbg2+ 37.Kf4 Rxh4
38.Bd5 hxg4 39.Rxf7+ Kh6 40.fxg4 Rgxg4+ 41.Ke5 Rh5+ 42.Ke6 Rd4
43.Bb3 Rb4 44.Kd6 Ra5 45.Rc7 Rb6+ 46.Rc6 Rxc6+ 47.Kxc6 g5
48.Kb6 Ra3 0-1

[Event "Niksic"]
[Site "Niksic YUG"]
[Date "1983.09.09"]
[EventDate "1983.08.24"]
[Round "13"]
[Result "1/2-1/2"]
[White "Larsen, Bent"]
[Black "Ljubojevic, Ljubomir"]
[WhiteElo "2565"]
[BlackElo "2645"]
[PlyCount "79"]

1.c4 e5 2.Nc3 Nc6 3.g3 g6 4.Bg2 Bg7 5.e3 d6 6.Nge2 Be6 7.d3
Qd7 8.h4 h6 9.Rb1 Rb8 10.b4 Nce7 11.a4 f5 12.b5 Nf6 13.e4 fxe4
14.Nxe4 Nxe4 15.Bxe4 O-O 16.Be3 a6 17.Qd2 Nf5 18.O-O Kh7
19.Bg2 axb5 20.axb5 c6 21.Rfc1 d5 22.cxd5 Bxd5 23.bxc6 bxc6
24.Rxb8 Rxb8 25.Nc3 Bxg2 26.Kxg2 Rb3 27.Qe2 e4 28.Nxe4 Rxd3
29.Bf4 Rd4 30.f3 Rb4 31.Rd1 Qf7 32.Bxh6 Rxe4 33.fxe4 Nxh6
34.e5 Qe6 35.Rd6 Qxe5 36.Qxe5 Bxe5 37.Rxc6 Nf5 38.Rc5 Bd6
39.Rc6 Bxg3 40.h5 1/2-1/2

[Event "Niksic"]
[Site "Niksic YUG"]
[Date "1983.09.09"]
[EventDate "1983.08.24"]
[Round "13"]
[Result "1/2-1/2"]
[White "Spassky, Boris"]
[Black "Portisch, Lajos"]
[WhiteElo "2605"]
[BlackElo "2600"]
[PlyCount "34"]

1.Nf3 Nf6 2.c4 b6 3.g3 Bb7 4.Bg2 e6 5.O-O Be7 6.d4 O-O 7.Nc3
Ne4 8.Qc2 Nxc3 9.Qxc3 c5 10.b3 cxd4 11.Nxd4 Bxg2 12.Kxg2 Bf6
13.Ba3 Nc6 14.Nxc6 dxc6 15.Qf3 Bxa1 16.Bxf8 Bf6 17.Bb4+ Qd7
1/2-1/2

[Event "Niksic"]
[Site "Niksic YUG"]
[Date "1983.09.10"]
[EventDate "1983.08.24"]
[Round "14"]
[Result "1/2-1/2"]
[White "Seirawan, Yasser"]
[Black "Andersson, Ulf"]
[WhiteElo "2605"]
[BlackElo "2640"]
[PlyCount "81"]

1.d4 Nf6 2.c4 e6 3.Bg5 h6 4.Bh4 b6 5.Nc3 Bb7 6.Qc2 Bb4 7.e3
O-O 8.Nf3 c5 9.a3 Bxc3+ 10.Qxc3 d6 11.Rd1 Qe7 12.Be2 Rd8
13.O-O Nbd7 14.b4 cxd4 15.Qxd4 Nf8 16.Bxf6 Qxf6 17.Qxf6 gxf6
18.Nd4 a6 19.Rd2 Ng6 20.f4 Ne7 21.Rfd1 d5 22.Bf3 Rdb8 23.cxd5
Nxd5 24.Nf5 Nc3 25.Rc1 Bxf3 26.Rxc3 exf5 27.gxf3 Rc8 28.Rxc8+
Rxc8 29.Rd6 Rc3 30.a4 b5 31.axb5 axb5 32.Rxf6 Rxe3 33.Rxf5
Rxf3 34.Kg2 Rb3 35.Rxb5 Kg7 36.Rb6 h5 37.b5 h4 38.f5 Kh7
39.Kf2 Kg7 40.Ke2 Rh3 41.Kf2 1/2-1/2

[Event "Niksic"]
[Site "Niksic YUG"]
[Date "1983.09.10"]
[EventDate "1983.08.24"]
[Round "14"]
[Result "1/2-1/2"]
[White "Ljubojevic, Ljubomir"]
[Black "Spassky, Boris"]
[WhiteElo "2645"]
[BlackElo "2605"]
[PlyCount "37"]

1.e4 e5 2.Nf3 Nc6 3.Bb5 a6 4.Ba4 Nf6 5.O-O Be7 6.Re1 b5 7.Bb3
d6 8.c3 O-O 9.h3 Nb8 10.d4 Nbd7 11.Nbd2 Bb7 12.Bc2 Re8 13.Nf1
d5 14.Ng3 Nxe4 15.Nxe4 dxe4 16.Nxe5 Nxe5 17.dxe5 Bc5 18.Qxd8
Raxd8 19.Bf4 1/2-1/2

[Event "Niksic"]
[Site "Niksic YUG"]
[Date "1983.09.10"]
[EventDate "1983.08.24"]
[Round "14"]
[Result "1/2-1/2"]
[White "Sax, Gyula"]
[Black "Tal, Mikhail"]
[WhiteElo "2570"]
[BlackElo "2620"]
[PlyCount "79"]

1.e4 c5 2.Nf3 Nc6 3.d4 cxd4 4.Nxd4 e6 5.Nc3 a6 6.g3 d6 7.Bg2
Bd7 8.O-O Nf6 9.a4 Be7 10.Nde2 O-O 11.h3 Rb8 12.g4 b5 13.axb5
axb5 14.Ng3 b4 15.Nce2 b3 16.cxb3 d5 17.Be3 dxe4 18.Nc3 Nd5
19.Nxd5 exd5 20.Qxd5 Nb4 21.Qd2 Be6 22.Bxe4 Bxb3 23.Nf5 Bf6
24.Qxd8 Rfxd8 25.g5 Be5 26.Ra5 Re8 27.Ba7 Rbc8 28.Bb7 Rc4
29.Bc5 Bc7 30.Ne7+ Kh8 31.Rb5 Nd3 32.Bc6 Rb8 33.Be3 Rb4
34.Rxb8+ Rxb8 35.Bd5 Bxd5 36.Nxd5 Be5 37.b4 Nxb4 38.Nxb4 Rxb4
39.Rc1 h6 40.gxh6 1/2-1/2

[Event "Niksic"]
[Site "Niksic YUG"]
[Date "1983.09.10"]
[EventDate "1983.08.24"]
[Round "14"]
[Result "0-1"]
[White "Gligoric, Svetozar"]
[Black "Timman, Jan"]
[WhiteElo "2505"]
[BlackElo "2605"]
[PlyCount "54"]

1.d4 Nf6 2.c4 e6 3.Nc3 Bb4 4.e3 c5 5.Ne2 cxd4 6.exd4 O-O 7.a3
Be7 8.d5 exd5 9.cxd5 Re8 10.g3 Bc5 11.b4 Bb6 12.h3 a5 13.b5
Qc7 14.Bb2 Qc5 15.Rh2 a4 16.Qd3 d6 17.Rc1 Nbd7 18.Ne4 Nxe4
19.Rxc5 Nexc5 20.Qc2 Ne5 21.Kd1 Ned3 22.Bc3 Bf5 23.Nd4 Bg6
24.g4 Rac8 25.f3 Nb4 26.Qb2 Ncd3 27.Qd2 Nxd5 0-1

[Event "Niksic"]
[Site "Niksic YUG"]
[Date "1983.09.10"]
[EventDate "1983.08.24"]
[Round "14"]
[Result "0-1"]
[White "Ivanovic, Bozidar"]
[Black "Larsen, Bent"]
[WhiteElo "2515"]
[BlackElo "2565"]
[PlyCount "60"]

1.e4 c5 2.Nf3 Nc6 3.Nc3 d6 4.d4 cxd4 5.Nxd4 Nf6 6.Bc4 e6 7.Be3
Be7 8.Qe2 a6 9.Bb3 O-O 10.O-O-O Qc7 11.Rhg1 Nd7 12.Qh5 Nxd4
13.Bxd4 b5 14.g4 Nf6 15. Qh4 Nxe4 16.g5 Nxc3 17.Bxc3 e5 18.f4
Bf5 19.Rdf1 Qc5 20.fxe5 dxe5 21.Qe1 e4 22.h4 a5 23.Bxa5 e3
24.Bb4 Rxa2 25.Kb1 Bxc2+ 26.Bxc2 Qa7 27.Bxh7+ Kxh7 28.Qc3 Bxb4
29.g6+ fxg6 30.Qc6 Rxf1+ 0-1

[Event "Niksic"]
[Site "Niksic YUG"]
[Date "1983.09.12"]
[EventDate "1983.08.24"]
[Round "15"]
[Result "1-0"]
[White "Andersson, Ulf"]
[Black "Petrosian, Tigran"]
[WhiteElo "2640"]
[BlackElo "2580"]
[PlyCount "115"]

1.Nf3 d6 2.d4 Bg4 3.e4 Nf6 4.Nbd2 e6 5.Bd3 Be7 6.c3 c6 7.O-O
Nbd7 8.Re1 d5 9.e5 Ng8 10.Nf1 c5 11.h3 Bxf3 12.Qxf3 cxd4
13.cxd4 Bb4 14.Rd1 Ne7 15.Qg4 g6 16.a3 Ba5 17.Bh6 Bb6 18.Nh2
Nf5 19.Bg5 f6 20.exf6 Nxf6 21.Bxf5 exf5 22.Qh4 O-O 23.Nf3 Qd6
24.Re1 Rac8 25.Bf4 Qd8 26.Bh6 Ne4 27.Bxf8 Qxh4 28.Nxh4 Bxd4
29.Re2 Kxf8 30.Rd1 Bb6 31.Kf1 Kg7 32.Nf3 Rd8 33.g3 Kf6 34.Kg2
Ke6 35.Ne1 Kd6 36.Nd3 d4 37.Rc1 Nc5 38.Nxc5 Bxc5 39.Kf1 a5
40.Ke1 a4 41.Kd2 Ra8 42.Rce1 Kc6 43.Re5 Kb5 44.Kd3 b6 45.Re8
Ra7 46.R1e6 Rd7 47.h4 Ka6 48.Ra8+ Kb5 49.Rg8 Rf7 50.f4 Ka6
51.h5 gxh5 52.Rg5 h4 53.gxh4 Be7 54.Rg8 h5 55.Ra8+ Kb7 56.Rxa4
Bxh4 57.Rb4 Bd8 58.Rxd4 1-0

[Event "Niksic"]
[Site "Niksic YUG"]
[Date "1983.09.12"]
[EventDate "1983.08.24"]
[Round "15"]
[Result "1/2-1/2"]
[White "Tal, Mikhail"]
[Black "Portisch, Lajos"]
[WhiteElo "2620"]
[BlackElo "2600"]
[PlyCount "73"]

1.e4 c5 2.Nf3 d6 3.d4 cxd4 4.Nxd4 Nf6 5.Nc3 a6 6.Bg5 e6 7.f4
Be7 8.Qf3 Qc7 9.O-O-O Nbd7 10.Qg3 Nc5 11.Bd3 h6 12.Bh4 O-O
13.Rhe1 Nh5 14.Qg4 Bxh4 15.Qxh4 Nxf4 16.Qxf4 e5 17.Qh4 exd4
18.Nd5 Qd8 19.Ne7+ Kh8 20.Rf1 Bg4 21.Rf6 Kh7 22.Rdf1 Nxd3+
23.cxd3 Rc8+ 24.Nxc8 Qc7+ 25.Kb1 Rxc8 26.R6f2 Be6 27.Qh5 b5
28.Qd1 Qa5 29.b3 Rc3 30.Rxf7 Bxf7 31.Rxf7 Qa3 32.Qf1 Rc5
33.Rf5 Rc7 34.Qe1 Rc3 35.Qf1 Rc7 36.e5 Qc5 37.exd6 1/2-1/2